Une lettre suffit pour répondre juste #47 (attention 10 lettres tuent) - Statistiques

Statistiques générales
  • Ce quiz a été pris 67 fois
  • Le résultat moyen est 3 sur 6
Statistiques - réponses
Hint Réponse % Correct
Donne une des 5 lettres qui complète le nom du titre de la chanson de Michel Delpech, sortie en 1969 : White is _ _ _ _ _ WHITE
100%
Donne une des 4 lettres qui compose le nom du film d'action de 1996 en extrait
ROCK
60%
Donne une des 3 lettres qui complète le nom de la troisième ville de Bolivie (derrière Santa Cruz de la Sierra et El Alto) où siège le gouvernement : La _ _ PAZ
56%
Donne une des 2 lettres qui complète le nom de cette série TV : KYLE ??
XY
33%
Donne la lettre qui désigne le nom du personnage interprété par Michael Jackson dans le film Men in Black 2 : Agent ?
M
13%
Donne la lettre qui est :
- parfois utilisé en mécanique du solide pour nommer le moment d'inertie - l'unique racine cubique complexe de 1 dont la partie imaginaire est strictement positive - l'unité imaginaire dans les mathématiques appliquées à l'électricité à la place de i
J
10%
Aucun quiz correspondant
Distribution des résultats
% des personnes avec chaque résultat
Percentile par nombre de réponses
Votre historique - résultats
Vous n’avez pas pris ce quiz